The Grundrisse
Αποθηκεύτηκε σε:
| Κύριος συγγραφέας: | |
|---|---|
| Μορφή: | Βιβλίο |
| Γλώσσα: | English German |
| Δημοσίευση: |
New York :
Harper & Row,
[1971]
|
| Θέματα: | |
| Ετικέτες: |
Προσθήκη ετικέτας
Δεν υπάρχουν, Καταχωρήστε ετικέτα πρώτοι!
|
MARC
| LEADER | 00000cam a2200000 a 4500 | ||
|---|---|---|---|
| 001 | 1/113838 | ||
| 008 | 170510s1971####nyu| ||| |||| ||eng|| | ||
| 020 | |a 0060128283 | ||
| 040 | |a GR-MyUa |b gre |c GR-MyUa |e AACR2 | ||
| 041 | 1 | |a eng |h ger | |
| 082 | 7 | |a 335.41 |2 (23) | |
| 100 | 1 | |a Marx, Karl, |d 1818-1883. | |
| 245 | 1 | 4 | |a The Grundrisse / |c Karl Marx ; edited and translated by David McLellan. |
| 260 | |a New York : |b Harper & Row, |c [1971] | ||
| 300 | |a 152 σ. ; |c 22 εκ. | ||
| 500 | |a Ματάφραση μέρους του: Grundrisse der Kritik der politischen Ökonomie. | ||
| 650 | 0 | |a Marxian economics. | |
| 852 | |a INST |b LESVOS |e 20170510 |h 335.41 MAR |p 005100059165 |q 005100059165 |t BK |y 0 | ||
| 970 | |a Τζαφέρη |b Ευαγγελία |z 10-05-2017 | ||